| 000 | 00595cam a22002053a 4500 | ||
|---|---|---|---|
| 001 | 39515 | ||
| 003 | PGUSA | ||
| 005 | 20140828083858.0 | ||
| 008 | 120423s2012||||xxu|||||s|||||000 | eng d | ||
| 040 |
_aPGUSA _beng |
||
| 042 | _adc | ||
| 100 | 1 |
_aMaxwell, W. B. _q(William Babington), _d1866-1938 |
|
| 245 | 1 | 0 |
_aMrs. Thompson : _bA Novel _h[electronic resource] / _cW. B. Maxwell |
| 260 |
_bProject Gutenberg, _c2012 |
||
| 506 | _aPublic domain in the USA. | ||
| 516 | _aElectronic text | ||
| 830 | 0 |
_aProject Gutenberg _v39515 |
|
| 856 | 4 | 0 | _uhttp://www.gutenberg.org/ebooks/39515 |
| 942 | _cEB | ||
| 999 |
_c268768 _d268768 |
||